| 000 | 00537nam a22001817a 4500 | ||
|---|---|---|---|
| 005 | 20251108164727.0 | ||
| 008 | 250721s1993 xx 000 0 ara d | ||
| 082 | 1 | 4 | _a803.09/عبد |
| 100 | 1 | _aشرف، عبد العزيز | |
| 245 | 1 | 0 | _aالفن الروائي و الوعي الأخلاقي / |
| 264 | 1 |
_aبيروت : _bدار الجيل، _c1993. |
|
| 300 | _a207ص | ||
| 650 | 1 | 7 | _aالقصص العربية |
| 650 | 1 | 7 | _aالتاريخ الأدبي |
| 650 | 1 | 7 | _aالنقد الأدبي |
| 942 |
_2ddc _cBK |
||
| 999 |
_c12866 _d12866 |
||